00317nam a22001337a 4500003000400000020001800004082001400022100001800036245004900054250002000103260003600123300000800159650001600167SGT a9788131244661 a612bG17H aHALL, JOHN E. aGuyton & Hall Textbook of Medical Physiology a2nd South Asian aNEW DELHIbElsevier Indiac2017 a927 a Physiology